<?xml version="1.0" encoding="UTF-8"?>
<record
    xmlns:xsi="http://www.w3.org/2001/XMLSchema-instance"
    xsi:schemaLocation="http://www.loc.gov/MARC21/slim http://www.loc.gov/standards/marcxml/schema/MARC21slim.xsd"
    xmlns="http://www.loc.gov/MARC21/slim">

  <leader>00715nam a2200169Ia 4500</leader>
  <controlfield tag="008">090711s9999    xx            000 0 und d</controlfield>
  <datafield tag="082" ind1=" " ind2=" ">
    <subfield code="b">4097</subfield>
  </datafield>
  <datafield tag="100" ind1=" " ind2=" ">
    <subfield code="a">&#x938;&#x930;&#x926;&#x93E;&#x930; &#x917;&#x902;&#x917;&#x93E;&#x927;&#x930; &#x92C;&#x93E;.</subfield>
  </datafield>
  <datafield tag="245" ind1=" " ind2=" ">
    <subfield code="a">&#x905;&#x930;&#x94D;&#x935;&#x93E;S&#x93E;&#x940;&#x928; &#x92E;&#x930;&#x93E;&#x920;&#x940; &#x917;&#x926;&#x94D;&#x92F;&#x93E;S&#x93E;&#x940; &#x92A;&#x942;&#x930;&#x94D;&#x935;&#x92A;&#x940;&#x920;&#x93F;&#x915;&#x93E;</subfield>
  </datafield>
  <datafield tag="260" ind1=" " ind2=" ">
    <subfield code="c">1937</subfield>
  </datafield>
  <datafield tag="300" ind1=" " ind2=" ">
    <subfield code="a">344</subfield>
  </datafield>
  <datafield tag="600" ind1=" " ind2=" ">
    <subfield code="a">&#x938;&#x930;&#x926;&#x93E;&#x930; &#x917;&#x902;&#x917;&#x93E;&#x927;&#x930; &#x92C;&#x93E;.</subfield>
  </datafield>
  <datafield tag="630" ind1=" " ind2=" ">
    <subfield code="a">&#x905;&#x930;&#x94D;&#x935;&#x93E;S&#x93E;&#x940;&#x928; &#x92E;&#x930;&#x93E;&#x920;&#x940; &#x917;&#x926;&#x94D;&#x92F;&#x93E;S&#x93E;&#x940; &#x92A;&#x942;&#x930;&#x94D;&#x935;&#x92A;&#x940;&#x920;&#x93F;&#x915;&#x93E;</subfield>
  </datafield>
  <datafield tag="700" ind1=" " ind2=" ">
    <subfield code="a">&#x938;&#x930;&#x926;&#x93E;&#x930; &#x917;&#x902;&#x917;&#x93E;&#x927;&#x930; &#x92C;&#x93E;.</subfield>
  </datafield>
  <datafield tag="730" ind1=" " ind2=" ">
    <subfield code="a">&#x905;&#x930;&#x94D;&#x935;&#x93E;S&#x93E;&#x940;&#x928; &#x92E;&#x930;&#x93E;&#x920;&#x940; &#x917;&#x926;&#x94D;&#x92F;&#x93E;S&#x93E;&#x940; &#x92A;&#x942;&#x930;&#x94D;&#x935;&#x92A;&#x940;&#x920;&#x93F;&#x915;&#x93E;</subfield>
  </datafield>
  <datafield tag="942" ind1=" " ind2=" ">
    <subfield code="c">BOOK</subfield>
  </datafield>
  <datafield tag="999" ind1=" " ind2=" ">
    <subfield code="c">311399</subfield>
    <subfield code="d">311399</subfield>
  </datafield>
  <datafield tag="952" ind1=" " ind2=" ">
    <subfield code="0">0</subfield>
    <subfield code="1">0</subfield>
    <subfield code="4">0</subfield>
    <subfield code="7">0</subfield>
    <subfield code="a">DASAVA</subfield>
    <subfield code="b">DASAVA</subfield>
    <subfield code="d">2009-07-11</subfield>
    <subfield code="g">3.00</subfield>
    <subfield code="l">0</subfield>
    <subfield code="o">4097</subfield>
    <subfield code="p">DASAVA-4097</subfield>
    <subfield code="r">2009-07-11 00:00:00</subfield>
    <subfield code="v">3.00</subfield>
    <subfield code="w">2009-07-11</subfield>
    <subfield code="y">BOOK</subfield>
  </datafield>
</record>
